000 00535 a2200181 4500
003 OSt
005 20231214092336.0
008 231213b |||||||| |||| 00| 0 eng d
020 _a9789355491510
040 _coclc
082 _a894.8128
_bPRI/M
100 _aPriyadarsanan, Sreeja
_910114
245 _aMalayala Vyakarana Paadangal /
_cSreeja Priyadarsanan
250 _a1st ed.
260 _aKozhikode:
_bMathrubhumi Books,
_c2021.
300 _a168p.
942 _2ddc
_cBK
_h894.8128
_iPRI/M
_k894.8128
_mPRI/M
999 _c44098
_d44098